00475cam a2200133 a 4500008004100000035001200041050002000053100002800073245010900101260004400210300002700254650003000281700003000311040810s1968 cn 000 0 eng u aa43926000aJL27 bT78 19681 aTrudeau, Pierre Elliott10aFederalism and the french canadians /cPierre Elliott Trudeau ; with an introduction by John T. Saywell. aToronto :bMacmillan of Canada, c1968. axxvi, 212 p. ;c20 cm. 0aGobierno federal zCanada1 aSaywell, John T., introd.